| 000 | 00472nam a22001817a 4500 | ||
|---|---|---|---|
| 005 | 20260520124121.0 | ||
| 008 | 260428b |||||||| |||| 00| 0 eng d | ||
| 020 | _a978-0132743952 | ||
| 082 |
_a658.7 _bCHO-S |
||
| 100 |
_aChopra, Sunil _aPeter Meindl |
||
| 245 | _aSupply Chain Management | ||
| 250 | _a5th Ed | ||
| 260 |
_bPearson Education, Inc. _aNew Jersey _c2013 |
||
| 300 | _a529 p. | ||
| 500 | _aIncludes Subject Index. | ||
| 650 | _aManagement | ||
| 942 | _cBK | ||
| 999 |
_c47422 _d47422 |
||